Open Data Biblioteca Nacional de Portugal


República Portuguesa: Ministério da Cultura
Biblioteca Nacional de Portugal

Catálogo da BNP: acesso por Identificadores Unívocos
Registos Bibliográficos associados ao registo de autoridade

Etiqueta de registo: 00639cam 02200217 04500
001 607064
003 http://id.bnportugal.gov.pt/bib/catbnp/607064
005 19990104000000.0
095 ## $aPTBN00817391
100 ## $a19960620d1968 m y0pory0103 ba
101 1# $apor$cfre
102 ## $aPT
106 ## $ar
200 1# $aPim e as cavernas de Coscorron$fJeanne Loisy$gtrad. de Maria Sidónia Martins
210 #9 $aLisboa$cLivros Horizonte,$d[D.L. 1968]
215 ## $a186, [1] p.,2 f.$cil.$d19 cm
225 2# $aEsquilo
304 ## $aTit. orig.: Pim et les cavernes de Coscorron
675 ## $a087.5$vBN$zpor$3287999
675 ## $a821.133.1-93"19"$vBN$zpor$3942089
700 #1 $aLoisy,$bJeanne,$f1913-1995$3219872
702 #1 $aMartins,$bMaria Sidónia$4730$3219873
801 #0 $aPT$bBN$gRPC
966 ## $lBN$mFGMON$sL. 60921 P.$x1

Etiqueta de registo: 00639nam 02200217 04500
001 2207952
003 http://id.bnportugal.gov.pt/bib/catbnp/2207952
100 ## $a20250313d1961 m y0pory01030103ba
101 1# $apor$cfre
102 ## $aPT$aBR
105 ## $aa z 000fy
106 ## $ar
200 1# $aPim e as cavernas de Coscorron$fJeanne Loisy$gtrad. Maria Sidónia Martins$gil. Philippe Daure
210 #9 $aLisboa ;$aSão Paulo$cLivros Horizonte,$dcop. 1961
215 ## $a186, [5] p.$cil.$d19 cm
225 2# $aEsquilo
304 ## $aTit. orig.: Pim et les cavernes de Coscorron
317 ## $aBiblioteca Matilde Rosa Araújo$5PTBN: P. 30917 P.
675 ## $a087.5$vBN$zpor$3287999
675 ## $a821.133.1-93"19"$vBN$zpor$3942089
700 #1 $aLoisy,$bJeanne,$f1913-1995$3219872
702 #1 $aMartins,$bMaria Sidónia$4730$3219873
702 #1 $aDaure,$bPhilippe$4440$332729
801 #0 $aPT$bBN$gRPC
966 ## $lBN$mFGMON$pBiblioteca Matilde Rosa Araújo$sP. 30917 P.$x3
971 ## $cisantos$d20250313
972 ## $e0$z0$d20260526$vasantos
973 ## $cigoulao$d20260408

OpendataBNP@bnportugal.pt | Mais informação sobre acesso aos dados BNP